00609 2200205 4500001002100000005001500021035002000036007000300056008003900059082001700098084002400115100001500139245012100154260003400275300004100309650001100350650001800361600001100379022001300390INLIS00000000000130520250429111213 a0010-0425000037ta250429 | | |  a632.3-634.77 a632.3-634.77 CUI f0 aCuiling Li1 aFusarium Wilt of Banana Latency and Onset Detection Based on Visible/Near Infrared Spectral Technology /cCuiling Li aSwitzerland :bMDPI AG,c2024 a1-20 hlm, :bIlus ;c21 cm x 29,7 cm 4aJurnal 4aPenyakit Layu 4aPisang a20734395